000 00951nam2a2200241 i 4500
001 RU\NLR\BIBL_A\011260086
005 20240729133400.0
010 _a9785997339685
_930
021 _aRU
_b2016-79213
_95163
035 _a(NLR Aleph) 011260086
090 _a12210298
_c12210298
100 _a20161031d2016 u y0rusy50 ca
101 0 _arus
102 _aRU
105 _ay g 000yy
200 0 _aЧ. 4
210 _d2016
215 _a119 с.
461 0 _1001RU\NLR\BIBL_A\010433286
_12001#$aВрачи 1812 года$eбиографический справочник$fВ. С. Карташов$vЧ. 4
_1700#1$aКарташов$bВ. С.$gВладислав Сергеевич$4070
_99859376
_aКарташов, В. С.
_cМосква
_d2013
_fВ. С. Карташов
_nСпутник+
_oбиографический справочник
_tВрачи 1812 года
_vЧ. 4
942 _cBOOK
980 _aNBR